Antenna and wave propagation (Record no. 175322)

000 -LEADER
fixed length control field 00350nam a2200133Ia 4500
008 - FIXED-LENGTH DATA ELEMENTS--GENERAL INFORMATION
fixed length control field 220217s9999||||xx |||||||||||||| ||und||
020 ## - INTERNATIONAL STANDARD BOOK NUMBER
International Standard Book Number 81-7684-025-4
082 ## - DEWEY DECIMAL CLASSIFICATION NUMBER
Classification number 621.382 4 PRA
100 ## - MAIN ENTRY--PERSONAL NAME
Personal name Prasad, K.D
245 #0 - TITLE STATEMENT
Title Antenna and wave propagation
260 ## - PUBLICATION, DISTRIBUTION, ETC.
Place of publication, distribution, etc. Satya prakashana
Name of publisher, distributor, etc. New Delhi
Date of publication, distribution, etc. 2007
300 ## - PHYSICAL DESCRIPTION
Other physical details 300
650 ## - SUBJECT ADDED ENTRY--TOPICAL TERM
Topical term or geographic name entry element ANTENNAS
9 (RLIN) 151
Holdings
Withdrawn status Lost status Damaged status Not for loan Collection code Home library Current library Shelving location Date acquired Total Checkouts Full call number Barcode Date due Date last seen Date last checked out Price effective from Koha item type
        Electronics and Communication Engineering Central Library Central Library Book Cart 02/18/2022 1 621.382 4 PRA 10511 03/25/2023 03/25/2022 03/25/2022 02/18/2022 Books

Powered by Koha